[Event "10. Open Internacional de Galapagar"]
[Site "Galapagar ESP"]
[Date "2009.07.19"]
[Round "2.41"]
[White "Suarez Paz, Alfonso"]
[Black "Fernandez Bonilla, Marcangel"]
[Result "1-0"]
[WhiteElo "1903"]
[BlackElo "1688"]
[PlyCount "125"]
[EventDate "2009.07.18"]
[EventType "swiss"]
[EventRounds "9"]
[EventCountry "ESP"]
[Source "lmi"]
[SourceDate "2009.07.18"]

1. e4 Nf6 2. e5 Nd5 3. c4 Nb6 4. d4 d6 5. f4 dxe5 6. fxe5 Nc6 7. Be3 Bf5 8. a3
e6 9. Nf3 Be7 10. d5 exd5 11. Bxb6 axb6 12. cxd5 Nb8 13. Nc3 O-O 14. Bd3 Bxd3
15. Qxd3 Nd7 16. Ne4 Nc5 17. Nxc5 Bxc5 18. Rd1 Re8 19. Qf5 Qf6 20. g4 Bd6 21.
O-O Qxf5 22. gxf5 Bxe5 23. Nxe5 Rxe5 24. d6 cxd6 25. Rxd6 Rb5 26. Rf2 Kf8 27.
f6 gxf6 28. Rdxf6 Rg5+ 29. Kf1 Rg7 30. Rxb6 Ra7 31. Rbf6 Ra5 32. Rb6 Ra7 33.
Rc2 Rg6 34. Rb5 b6 35. Rc4 Rd7 36. h4 Rd1+ 37. Ke2 Rdd6 38. h5 Rge6+ 39. Kf3
Kg7 40. Kg3 Rd3+ 41. Kh4 Rd1 42. Rcb4 Rdd6 43. a4 f6 44. a5 bxa5 45. Rxa5 Rb6
46. Rg4+ Kf8 47. b4 f5 48. Rxf5+ Rf6 49. Rc5 Rf1 50. Rgg5 Rh1+ 51. Kg3 Rh6 52.
Rgf5+ Ke7 53. Rg5 Rg1+ 54. Kf4 Rf1+ 55. Ke4 Re6+ 56. Rce5 Re1+ 57. Kd5 Rd1+ 58.
Kc5 Rxe5+ 59. Rxe5+ Kf6 60. Rd5 Rc1+ 61. Kd6 Rb1 62. b5 h6 63. Rc5 1-0

[Event "10. Open Internacional de Galapagar"]
[Site "Galapagar ESP"]
[Date "2009.07.19"]
[Round "2.42"]
[White "Ballesteros Jimenez, Miguel Angel"]
[Black "Pascual Perdiguero, Jose Maria"]
[Result "0-1"]
[WhiteElo "1694"]
[BlackElo "1879"]
[PlyCount "66"]
[EventDate "2009.07.18"]
[EventType "swiss"]
[EventRounds "9"]
[EventCountry "ESP"]
[Source "lmi"]
[SourceDate "2009.07.18"]

1. e4 e6 2. d3 d5 3. Nd2 Nf6 4. Ngf3 c5 5. g3 Nc6 6. Bg2 d4 7. O-O e5 8. Nc4
Qc7 9. c3 Be7 10. Ne1 Bd7 11. f4 Ng4 12. fxe5 Ngxe5 13. Nxe5 Nxe5 14. Nf3 Bd6
15. cxd4 cxd4 16. b3 O-O 17. Bb2 Nxf3+ 18. Qxf3 Be5 19. Ba3 Bd6 20. Bb2 Qb6 21.
Rac1 Be6 22. Qh5 f6 23. Bh3 Bxh3 24. Qxh3 Be5 25. Rc4 Rad8 26. Ba3 Rfe8 27. Bc5
Qa6 28. Qg2 Rc8 29. Qf2 b5 30. Rcc1 Red8 31. Bb4 Qb6 32. Qd2 Rc3 33. Rxc3 dxc3+
0-1

[Event "10. Open Internacional de Galapagar"]
[Site "Galapagar ESP"]
[Date "2009.07.19"]
[Round "2.43"]
[White "Bolea Jover, Jose"]
[Black "Bolea Jover, Ignacio"]
[Result "1-0"]
[WhiteElo "1879"]
[BlackElo "1601"]
[PlyCount "121"]
[EventDate "2009.07.18"]
[EventType "swiss"]
[EventRounds "9"]
[EventCountry "ESP"]
[Source "lmi"]
[SourceDate "2009.07.18"]

1. e4 e5 2. Bc4 Nf6 3. d3 d6 4. c3 Be7 5. Nf3 Be6 6. Bxe6 fxe6 7. Qb3 Qc8 8.
O-O O-O 9. Ng5 d5 10. Re1 Nc6 11. exd5 exd5 12. Nf3 Bd6 13. Bg5 Qe6 14. Nbd2
Ne7 15. Ne4 Nxe4 16. dxe4 Ng6 17. Qxd5 Qxd5 18. exd5 Rae8 19. Re4 h6 20. Bd2
Rf7 21. Rae1 Rfe7 22. c4 b6 23. b4 Nf8 24. Nh4 Rf7 25. Bc3 Nd7 26. Ng6 Rf5 27.
f4 Nf6 28. R4e2 e4 29. h3 h5 30. Be5 Bxe5 31. fxe5 Nd7 32. Rxe4 Kh7 33. Nf4
Rexe5 34. Ne6 Rxe4 35. Rxe4 Nf6 36. Re1 Ne8 37. Ng5+ Rxg5 38. Rxe8 b5 39. Rc8
bxc4 40. Rxc7 Rxd5 41. Rxc4 Rb5 42. a4 Rd5 43. Rc5 Rd1+ 44. Kf2 Kg6 45. Rc6+
Kh7 46. b5 Rd7 47. Rc4 Kg6 48. a5 Rd5 49. Rb4 Rd7 50. b6 axb6 51. Rxb6+ Kf5 52.
Rb5+ Kg6 53. Ke3 Kh6 54. a6 Ra7 55. Ra5 Kg6 56. Kd4 Kf6 57. Kc5 Rxa6 58. Rxa6+
Kf5 59. g4+ hxg4 60. hxg4+ Kxg4 61. Rg6+ 1-0

[Event "10. Open Internacional de Galapagar"]
[Site "Galapagar ESP"]
[Date "2009.07.19"]
[Round "2.44"]
[White "Quesada Ordinas, Jaime"]
[Black "Tolosana Esteban, Enrique"]
[Result "1/2-1/2"]
[WhiteElo "1687"]
[BlackElo "1861"]
[PlyCount "125"]
[EventDate "2009.07.18"]
[EventType "swiss"]
[EventRounds "9"]
[EventCountry "ESP"]
[Source "lmi"]
[SourceDate "2009.07.18"]

1. e4 c5 2. Nf3 e6 3. d4 cxd4 4. Nxd4 a6 5. Nc3 Qc7 6. Be3 Nf6 7. f3 Ba3 8. Bc1
Bb4 9. Nde2 d5 10. Bd2 dxe4 11. Nxe4 Nxe4 12. Bxb4 Nc6 13. Ba3 Qa5+ 14. c3 Nf6
15. Qd6 Qg5 16. Nd4 Qe5+ 17. Qxe5 Nxe5 18. O-O-O Nd5 19. Re1 f6 20. g3 Kf7 21.
Bd6 Ng6 22. Bc4 Nb6 23. Bxe6+ Bxe6 24. Rxe6 Rhe8 25. Rhe1 Nc4 26. Rxe8 Rxe8 27.
Rxe8 Kxe8 28. Nf5 Kd7 29. Bc5 Nge5 30. Bd4 Nxf3 31. Nxg7 Nxd4 32. cxd4 Ne3 33.
h3 f5 34. Nh5 Kd6 35. Kd2 Nc4+ 36. Kc3 b5 37. a4 h6 38. Nf4 Ne3 39. axb5 axb5
40. Kb4 Nf1 41. g4 fxg4 42. hxg4 Ne3 43. Kxb5 Nxg4 44. b4 Ne3 45. Ka6 Nc2 46.
b5 Nxd4 47. b6 Nc6 48. Kb7 Kd7 49. Nd5 Nd8+ 50. Ka6 Kc6 51. Ne7+ Kd7 52. Nd5
Kd6 53. Ne3 h5 54. b7 Nc6 55. Kb5 Kc7 56. Kc5 h4 57. Ng4 h3 58. Kd5 Nd8 59.
b8=Q+ Kxb8 60. Ke4 Nf7 61. Kf3 Kc7 62. Kg3 Ng5 63. Nf2 1/2-1/2

[Event "10. Open Internacional de Galapagar"]
[Site "Galapagar ESP"]
[Date "2009.07.19"]
[Round "2.45"]
[White "De Armentia Roldan, Benigno"]
[Black "Fernandez Gil, Ruben Carlos"]
[Result "1-0"]
[WhiteElo "1860"]
[BlackElo "1596"]
[PlyCount "77"]
[EventDate "2009.07.18"]
[EventType "swiss"]
[EventRounds "9"]
[EventCountry "ESP"]
[Source "lmi"]
[SourceDate "2009.07.18"]

1. d4 d5 2. Nf3 e6 3. g3 Nf6 4. Bg2 c5 5. O-O Nc6 6. c4 dxc4 7. Qa4 Bd7 8. Qxc4
Qb6 9. dxc5 Bxc5 10. Nc3 Qb4 11. Qxb4 Bxb4 12. Nb5 O-O 13. Bf4 a6 14. Nbd4 Rfe8
15. Nb3 Nd5 16. Bd2 Bxd2 17. Nfxd2 Nce7 18. Nc4 Bc6 19. Nba5 Red8 20. Ne5 f6
21. Nexc6 bxc6 22. Rac1 Rac8 23. Nb7 Rd7 24. Nc5 Rd6 25. Rfd1 Rdd8 26. Nxe6 Re8
27. Nc5 a5 28. e4 Nc7 29. Bh3 Rb8 30. Rd7 Na8 31. b3 Nb6 32. Rdd1 Red8 33. Ne6
Rxd1+ 34. Rxd1 Ng6 35. Rc1 Ne7 36. Nd4 Rd8 37. Nxc6 Nxc6 38. Rxc6 Rd1+ 39. Kg2
1-0

[Event "10. Open Internacional de Galapagar"]
[Site "Galapagar ESP"]
[Date "2009.07.19"]
[Round "2.48"]
[White "Garcia Sanchez Navarro, Mariano"]
[Black "Bolea Olivan, Jose Angel"]
[Result "1-0"]
[WhiteElo "1600"]
[BlackElo "1831"]
[PlyCount "133"]
[EventDate "2009.07.18"]
[EventType "swiss"]
[EventRounds "9"]
[EventCountry "ESP"]
[Source "lmi"]
[SourceDate "2009.07.18"]

1. d4 Nf6 2. Bf4 e6 3. Nf3 c5 4. e3 Nc6 5. c3 b6 6. Bd3 g6 7. Nbd2 d5 8. Ne5
Bb7 9. Bb5 Rc8 10. Qa4 a6 11. Bxc6+ Bxc6 12. Nxc6 Qd7 13. Qxa6 Qxc6 14. Qe2 Bg7
15. O-O O-O 16. Be5 c4 17. Qf3 Nd7 18. Bxg7 Kxg7 19. Qg3 Qb5 20. Rab1 Qc6 21.
Nf3 f6 22. h4 h5 23. Nd2 Rf7 24. f4 Qa4 25. a3 Kh7 26. Nf3 Qc2 27. Rfc1 Qd3 28.
Ne1 Qe4 29. Qf3 Qf5 30. b4 b5 31. Ra1 Nb6 32. Kh2 Ra8 33. g3 Rfa7 34. Nc2 Qd3
35. Ne1 Qd2+ 36. Kh3 Rxa3 37. Rc2 Rxa1 38. Rxd2 Rxe1 39. Rd1 Rxd1 40. Qxd1 Ra3
41. Qc1 Rb3 42. g4 Na4 43. gxh5 gxh5 44. f5 exf5 45. Qc2 Rxc3 46. Qxf5+ Kg7 47.
Qd7+ Kg6 48. Qe8+ Kg7 49. Kg3 Rd3 50. Qxb5 Nc3 51. Qd7+ Kg6 52. Kf3 Nd1 53.
Qe8+ Kg7 54. b5 Rb3 55. Qd7+ Kg6 56. Qe8+ Kg7 57. Kf4 c3 58. Kf5 Nxe3+ 59. Qxe3
c2 60. Qc1 Kf7 61. Kf4 Rxb5 62. Qxc2 Rb4 63. Qc3 Rc4 64. Qd3 Ke7 65. Kf5 Kf7
66. Qd1 Ke7 67. Qe2+ 1-0

[Event "10. Open Internacional de Galapagar"]
[Site "Galapagar ESP"]
[Date "2009.07.20"]
[Round "3.1"]
[White "Ortiz Suarez, Isam"]
[Black "Ramirez Garcia, Jorge Alberto"]
[Result "1-0"]
[WhiteElo "2504"]
[BlackElo "2203"]
[PlyCount "75"]
[EventDate "2009.07.18"]
[EventType "swiss"]
[EventRounds "9"]
[EventCountry "ESP"]
[Source "lmi"]
[SourceDate "2009.07.18"]

1. e4 e6 2. d4 d5 3. Nc3 Nf6 4. e5 Nfd7 5. f4 c5 6. Nf3 Nc6 7. Be3 a6 8. Qd2 b5
9. a3 Qb6 10. Ne2 f6 11. dxc5 Bxc5 12. Bxc5 Nxc5 13. Ned4 Ne4 14. Qe3 fxe5 15.
fxe5 Nxd4 16. Nxd4 Qc7 17. Bd3 Qxe5 18. O-O Bb7 19. Nf3 Qb8 20. Ng5 Qa7 21.
Qxa7 Rxa7 22. Nxe6 Bc8 23. Bxe4 dxe4 24. Nc5 Re7 25. Rae1 Rf8 26. Rxe4 Rxf1+
27. Kxf1 Bf5 28. Rxe7+ Kxe7 29. c3 a5 30. Ke2 a4 31. Ke3 Kd6 32. Kd4 Bc2 33. c4
Kc6 34. Na6 Bb1 35. Nb4+ Kb6 36. c5+ Kb7 37. Kd5 Bf5 38. Kd6 1-0

[Event "10. Open Internacional de Galapagar"]
[Site "Galapagar ESP"]
[Date "2009.07.20"]
[Round "3.2"]
[White "Perez Marco, Ricardo"]
[Black "Almagro Llamas, Pablo"]
[Result "0-1"]
[WhiteElo "2183"]
[BlackElo "2481"]
[PlyCount "94"]
[EventDate "2009.07.18"]
[EventType "swiss"]
[EventRounds "9"]
[EventCountry "ESP"]
[Source "lmi"]
[SourceDate "2009.07.18"]

1. e4 c6 2. c4 d5 3. exd5 cxd5 4. cxd5 Nf6 5. Nc3 Nxd5 6. Nf3 e6 7. d4 Nc6 8.
Bd3 Bb4 9. Bd2 Nf6 10. Ne4 O-O 11. O-O Be7 12. Bc3 Bd7 13. Rc1 Rc8 14. Qe2 Nd5
15. Bd2 Qb6 16. Be3 Ncb4 17. Nc3 Nxe3 18. fxe3 Nxd3 19. Qxd3 Qxb2 20. Ne5 Be8
21. Rc2 Qa3 22. Rb1 f6 23. Rb3 Qa6 24. Qxa6 bxa6 25. Nf3 Ba4 26. Rcb2 Bxb3 27.
Rxb3 Rb8 28. Nd2 Rxb3 29. axb3 Bb4 30. Ncb1 Bxd2 31. Nxd2 Rb8 32. Kf1 a5 33.
Ke2 Rb4 34. Kd3 a4 35. Kc3 a5 36. e4 a3 37. d5 exd5 38. exd5 Kf7 39. Nc4 a2 40.
Kb2 Rxb3+ 41. Kxa2 Rd3 42. Nxa5 Rxd5 43. Nc4 Rh5 44. h3 Rg5 45. g4 h5 46. Nd6+
Ke6 47. Ne4 hxg4 0-1

[Event "10. Open Internacional de Galapagar"]
[Site "Galapagar ESP"]
[Date "2009.07.20"]
[Round "3.3"]
[White "Gomez Garrido, Camilo"]
[Black "Sanchez Alarcos Galian, Victor"]
[Result "1-0"]
[WhiteElo "2461"]
[BlackElo "2146"]
[PlyCount "129"]
[EventDate "2009.07.18"]
[EventType "swiss"]
[EventRounds "9"]
[EventCountry "ESP"]
[Source "lmi"]
[SourceDate "2009.07.18"]

1. e4 c5 2. Nf3 e6 3. d4 cxd4 4. Nxd4 Nc6 5. Nc3 Qc7 6. g3 a6 7. Bg2 d6 8. O-O
Bd7 9. Bg5 Nf6 10. Bxf6 gxf6 11. Kh1 Be7 12. f4 h5 13. h4 Nxd4 14. Qxd4 O-O-O
15. Rf3 Kb8 16. b4 Rc8 17. Rb1 Rhg8 18. a4 d5 19. exd5 e5 20. fxe5 fxe5 21. Qd2
f5 22. d6 Bxd6 23. Rd3 Bc6 24. Nd5 Bxd5 25. Rxd5 Rg6 26. b5 Qxc2 27. Qxc2 Rxc2
28. bxa6 Rxg3 29. Rxb7+ Kc8 30. Rb1 Bb8 31. Rxe5 Rgxg2 32. Re8+ Kd7 33. Rbxb8
Rh2+ 34. Kg1 Rhg2+ 35. Kf1 Rh2 36. Rbd8+ Kc7 37. Rc8+ Kb6 38. Re6+ Ka7 39. Rxc2
Rxc2 40. Rh6 Rc4 41. Rxh5 Kxa6 42. Kf2 Rxa4 43. Kg3 Rg4+ 44. Kh3 Kb7 45. Rxf5
Rg1 46. Rc5 Kb6 47. Rc3 Rd1 48. h5 Rd4 49. Kg3 Kb7 50. Rc2 Rd3+ 51. Kg4 Rd4+
52. Kg5 Rd5+ 53. Kg6 Rd6+ 54. Kf7 Rd7+ 55. Ke6 Rd1 56. Kf6 Rd6+ 57. Ke5 Rd1 58.
Kf6 Rd6+ 59. Kf7 Rd7+ 60. Ke8 Rd1 61. Rc5 Kb6 62. Rg5 Kc7 63. h6 Kd6 64. h7
Re1+ 65. Kf8 1-0

[Event "10. Open Internacional de Galapagar"]
[Site "Galapagar ESP"]
[Date "2009.07.20"]
[Round "3.5"]
[White "Anton Veiga, Juan Carlos"]
[Black "Guerra Mendez, Jose Angel"]
[Result "0-1"]
[WhiteElo "2090"]
[BlackElo "2408"]
[PlyCount "80"]
[EventDate "2009.07.18"]
[EventType "swiss"]
[EventRounds "9"]
[EventCountry "ESP"]
[Source "lmi"]
[SourceDate "2009.07.18"]

1. e4 c5 2. Nf3 d6 3. d4 cxd4 4. Nxd4 Nf6 5. Nc3 a6 6. Bg5 e6 7. f4 Bd7 8. Qf3
Nc6 9. O-O-O Qb6 10. Nb3 Be7 11. Kb1 Qc7 12. Bd3 O-O-O 13. Rhe1 h6 14. Bxf6
Bxf6 15. Ne2 Kb8 16. c3 Bc8 17. Bc2 h5 18. Ng3 g6 19. Nf1 g5 20. g3 h4 21. Ne3
hxg3 22. hxg3 gxf4 23. gxf4 Rh4 24. Rh1 Rdh8 25. Rxh4 Rxh4 26. Rh1 Qd8 27. Rxh4
Bxh4 28. Ng2 Bf6 29. a3 Qg8 30. Nd2 Kc7 31. Nc4 b5 32. Nce3 Bb7 33. Qf2 Nd8 34.
c4 Bc6 35. Bd3 Nb7 36. b4 Bh8 37. cxb5 axb5 38. Nd1 Qg7 39. Qa2 f5 40. Qxe6
Qxg2 0-1

[Event "10. Open Internacional de Galapagar"]
[Site "Galapagar ESP"]
[Date "2009.07.20"]
[Round "3.6"]
[White "Gomez Ledo, Roberto Carlos"]
[Black "Lopez de Turiso, Jose Angel"]
[Result "1-0"]
[WhiteElo "2404"]
[BlackElo "2087"]
[PlyCount "35"]
[EventDate "2009.07.18"]
[EventType "swiss"]
[EventRounds "9"]
[EventCountry "ESP"]
[Source "lmi"]
[SourceDate "2009.07.18"]

1. d4 f5 2. Bg5 g6 3. Nd2 Bg7 4. e4 fxe4 5. Nxe4 Nf6 6. Nxf6+ exf6 7. Be3 d5 8.
Bd3 Be6 9. h4 Qe7 10. c3 Nd7 11. Qa4 c6 12. O-O-O b5 13. Qc2 Nb6 14. h5 f5 15.
Nf3 Kd7 16. Bf4 a5 17. Rde1 b4 18. Ng5 1-0

[Event "10. Open Internacional de Galapagar"]
[Site "Galapagar ESP"]
[Date "2009.07.20"]
[Round "3.7"]
[White "Lorite Cruz, Francisco"]
[Black "Perez Gonzalez, Jose Manuel"]
[Result "0-1"]
[WhiteElo "2084"]
[BlackElo "2307"]
[PlyCount "86"]
[EventDate "2009.07.18"]
[EventType "swiss"]
[EventRounds "9"]
[EventCountry "ESP"]
[Source "lmi"]
[SourceDate "2009.07.18"]

1. e4 c5 2. f4 Nc6 3. Nf3 g6 4. Bb5 Qb6 5. Bxc6 Qxc6 6. d3 d6 7. O-O Bg7 8. Qe1
Nf6 9. Nc3 Bd7 10. a4 O-O-O 11. b4 Kb8 12. b5 Qc8 13. Rb1 Bg4 14. Ng5 Rdf8 15.
e5 Ne8 16. b6 a6 17. Nd5 Be6 18. c4 h6 19. Nxe7 Qd7 20. Nxe6 Qxe6 21. Nd5 dxe5
22. Be3 Nf6 23. Nc7 Qc6 24. fxe5 Ne8 25. Bf4 Nxc7 26. bxc7+ Ka7 27. a5 Qxc7 28.
Rb6 Re8 29. e6 Qc8 30. e7 Qd7 31. Qg3 Bd4+ 32. Kh1 Rxe7 33. Rfb1 g5 34. Bd6 Re3
35. Qf2 f5 36. Rxb7+ Qxb7 37. Rxb7+ Kxb7 38. g3 Kc6 39. Qg2+ Kxd6 40. Qd5+ Ke7
41. Qb7+ Kf6 42. Qxa6+ Re6 43. Qb7 g4 0-1

[Event "10. Open Internacional de Galapagar"]
[Site "Galapagar ESP"]
[Date "2009.07.20"]
[Round "3.8"]
[White "Sanchez Gonzalez, Sergio"]
[Black "Rodriguez de Castro, Ayar"]
[Result "1/2-1/2"]
[WhiteElo "2305"]
[BlackElo "2084"]
[PlyCount "109"]
[EventDate "2009.07.18"]
[EventType "swiss"]
[EventRounds "9"]
[EventCountry "ESP"]
[Source "lmi"]
[SourceDate "2009.07.18"]

1. c4 c5 2. Nc3 Nc6 3. Nf3 e5 4. e3 Nf6 5. d4 cxd4 6. exd4 exd4 7. Nxd4 Bb4 8.
Qe2+ Qe7 9. Qxe7+ Nxe7 10. Ndb5 O-O 11. a3 Bxc3+ 12. Nxc3 d5 13. Bg5 dxc4 14.
Bxc4 Be6 15. Bxe6 fxe6 16. O-O Ned5 17. Nb5 Ne4 18. Bh4 a6 19. Nd4 Rf4 20. g3
Nxg3 21. Bxg3 Rxd4 22. Rfe1 Kf7 23. Re2 Rc8 24. Rae1 Rc6 25. Be5 Rdc4 26. b3
Rc1 27. Kf1 g6 28. Rd2 R6c2 29. Rd3 Rxe1+ 30. Kxe1 Rc5 31. Rf3+ Kg8 32. b4 Rc6
33. Kd2 b5 34. Bd4 Rc4 35. Kd3 g5 36. Be5 Nf4+ 37. Kd2 Re4 38. Bxf4 gxf4 39.
Rc3 a5 40. bxa5 Ra4 41. Kc2 Rxa5 42. Kb3 Kf7 43. Kb4 Ra8 44. Kxb5 Rb8+ 45. Kc4
Rb2 46. Rf3 e5 47. Kc3 Re2 48. Kd3 Re1 49. Kd2 Ra1 50. Rc3 Kg6 51. Ke2 Kf5 52.
Kf3 h5 53. Kg2 Ra2 54. Rb3 Ra1 55. Rc3 1/2-1/2

[Event "10. Open Internacional de Galapagar"]
[Site "Galapagar ESP"]
[Date "2009.07.20"]
[Round "3.9"]
[White "Iagar, Razvan Gabriel"]
[Black "Adan Bermudez, Sergio"]
[Result "0-1"]
[WhiteElo "1949"]
[BlackElo "2265"]
[PlyCount "142"]
[EventDate "2009.07.18"]
[EventType "swiss"]
[EventRounds "9"]
[EventCountry "ESP"]
[Source "lmi"]
[SourceDate "2009.07.18"]

1. d4 Nf6 2. c4 e6 3. Nc3 Bb4 4. e3 b6 5. Nge2 Ba6 6. a3 Be7 7. Nf4 d5 8. cxd5
Bxf1 9. Kxf1 Nxd5 10. Qf3 c6 11. g3 Nxf4 12. Qxf4 Nd7 13. Kg2 Nf6 14. Rd1 h5
15. Qf3 Qc8 16. h4 c5 17. d5 exd5 18. Nxd5 Nxd5 19. Rxd5 Qg4 20. Qxg4 hxg4 21.
e4 Rd8 22. Rxd8+ Kxd8 23. Bf4 Kc8 24. Rd1 Rd8 25. Rxd8+ Kxd8 26. Kf1 c4 27. Be5
g6 28. Bd4 Kd7 29. Ke2 Kc6 30. f3 gxf3+ 31. Kxf3 b5 32. Bc3 Bd8 33. Ke3 Kd6 34.
Bb4+ Ke6 35. Bc3 a6 36. Bd4 a5 37. Bc3 Kd6 38. Kd2 Kc5 39. Ke3 b4 40. axb4+
axb4 41. Bd4+ Kb5 42. Kd2 Be7 43. Bf2 Bf6 44. Kc2 b3+ 45. Kc1 Kc6 46. g4 Kd6
47. Bg3+ Ke6 48. Be1 Bd4 49. h5 gxh5 50. gxh5 Ke5 51. h6 Kf6 52. Bd2 Kg6 53.
Bf4 f6 54. Bd2 Bf2 55. Bf4 Bd4 56. Bd2 Be5 57. Be3 Bd6 58. Kd2 Bb4+ 59. Kc1 Bd6
60. Kd2 Be5 61. Kc1 Kh7 62. Bd2 Bg3 63. Bc3 Bf4+ 64. Kd1 Bg5 65. Ke2 Kxh6 66.
Kf3 Kg6 67. Kg4 Be3 68. Kf3 Bc5 69. Ke2 Bd6 70. Kd2 Bf4+ 71. Ke2 Kg5 0-1

[Event "10. Open Internacional de Galapagar"]
[Site "Galapagar ESP"]
[Date "2009.07.20"]
[Round "3.10"]
[White "Castano Vanegas, Henry Augusto"]
[Black "Moreno Torrero, Javier"]
[Result "1-0"]
[WhiteElo "2237"]
[BlackElo "2060"]
[PlyCount "103"]
[EventDate "2009.07.18"]
[EventType "swiss"]
[EventRounds "9"]
[EventCountry "ESP"]
[Source "lmi"]
[SourceDate "2009.07.18"]

1. e4 c5 2. Nf3 e6 3. d4 cxd4 4. Nxd4 Nf6 5. Nc3 Nc6 6. Ndb5 Bb4 7. a3 Bxc3+ 8.
Nxc3 d5 9. exd5 exd5 10. Bd3 d4 11. Ne2 O-O 12. O-O Bg4 13. f3 Bh5 14. Bg5 Qd6
15. Qd2 Bg6 16. Rad1 Rfd8 17. Bxg6 hxg6 18. Kh1 Rd7 19. Nc1 Rad8 20. Rfe1 Qc5
21. Nd3 Qf5 22. Nf2 Rd5 23. Bxf6 Qxf6 24. f4 Rf5 25. g3 Rb5 26. Nd3 Qd6 27. Qe2
Rd5 28. Qe4 b5 29. Re2 a5 30. Red2 Kf8 31. Re2 Kg8 32. Rde1 b4 33. Qf3 bxa3 34.
Re8+ Rxe8 35. Rxe8+ Kh7 36. bxa3 Qd7 37. Qe4 Rh5 38. Qe2 f6 39. Rf8 Ne7 40. Kg1
Nd5 41. Qe8 Qxe8 42. Rxe8 Ne3 43. Rc8 Rb5 44. h3 Rb1+ 45. Kf2 Ra1 46. Nc5 Nxc2
47. Ne6 d3 48. Nf8+ Kg8 49. Nxg6+ Kh7 50. f5 Kh6 51. g4 Kg5 52. Rh8 1-0

[Event "10. Open Internacional de Galapagar"]
[Site "Galapagar ESP"]
[Date "2009.07.20"]
[Round "3.11"]
[White "Collado Barbas, Alberto"]
[Black "Roa Alonso, Santiago"]
[Result "1/2-1/2"]
[WhiteElo "1986"]
[BlackElo "2445"]
[PlyCount "47"]
[EventDate "2009.07.18"]
[EventType "swiss"]
[EventRounds "9"]
[EventCountry "ESP"]
[Source "lmi"]
[SourceDate "2009.07.18"]

1. d4 d5 2. c4 e6 3. Nc3 Nf6 4. cxd5 exd5 5. Bg5 c6 6. Qc2 Be7 7. e3 O-O 8. Bd3
Nbd7 9. Nge2 Re8 10. O-O Nf8 11. f3 Be6 12. Rad1 N6d7 13. Bxe7 Qxe7 14. Kh1 Nb6
15. Nf4 c5 16. dxc5 Qxc5 17. Ncxd5 Qxc2 18. Bxc2 Nxd5 19. Nxd5 Bxd5 20. Rxd5
Rxe3 21. Rfd1 g6 22. Kg1 Re2 23. R1d2 Rxd2 24. Rxd2 1/2-1/2

[Event "10. Open Internacional de Galapagar"]
[Site "Galapagar ESP"]
[Date "2009.07.20"]
[Round "3.12"]
[White "Garrido Dominguez, Jesus"]
[Black "Esquivias Gomez, Francisco Javier"]
[Result "1-0"]
[WhiteElo "2333"]
[BlackElo "2009"]
[PlyCount "91"]
[EventDate "2009.07.18"]
[EventType "swiss"]
[EventRounds "9"]
[EventCountry "ESP"]
[Source "lmi"]
[SourceDate "2009.07.18"]

1. e4 Nf6 2. e5 Nd5 3. c4 Nb6 4. d4 d6 5. exd6 cxd6 6. Nc3 Bf5 7. Be3 e6 8. b3
Be7 9. Be2 O-O 10. Rc1 a5 11. a4 d5 12. c5 N6d7 13. Nb5 Nc6 14. Bf4 e5 15. dxe5
Bxc5 16. Nf3 Bb4+ 17. Kf1 Be4 18. Nbd4 Nxd4 19. Nxd4 Qb6 20. f3 Ba3 21. fxe4
Bxc1 22. Bxc1 dxe4 23. Nf5 Nxe5 24. Qd6 Qxd6 25. Nxd6 Nd3 26. Bxd3 exd3 27. Be3
Rfb8 28. Ke1 Ra6 29. Nb5 Rc6 30. Nd4 Rg6 31. g3 Rd8 32. Kd2 Rgd6 33. Kxd3 g6
34. Rc1 Kg7 35. Rc4 h6 36. Ke2 Re8 37. Kd3 Red8 38. Bd2 b6 39. Bf4 Re6 40. Kc2
Re4 41. Bc7 Rc8 42. Bxb6 Ra8 43. Bc7 h5 44. Kc3 h4 45. gxh4 Rxh4 46. Nf5+ 1-0

[Event "10. Open Internacional de Galapagar"]
[Site "Galapagar ESP"]
[Date "2009.07.20"]
[Round "3.13"]
[White "Serrano Martinez, Francisco Jose"]
[Black "Longa Yauca, Javier"]
[Result "1-0"]
[WhiteElo "1970"]
[BlackElo "2293"]
[PlyCount "45"]
[EventDate "2009.07.18"]
[EventType "swiss"]
[EventRounds "9"]
[EventCountry "ESP"]
[Source "lmi"]
[SourceDate "2009.07.18"]

1. e4 c5 2. d4 cxd4 3. c3 dxc3 4. Nxc3 Nc6 5. Nf3 d6 6. Bc4 e6 7. Qe2 Be7 8.
O-O Nf6 9. Re1 Qa5 10. Nb5 O-O 11. Bd2 Qb6 12. Be3 Qa5 13. Bd2 Qb6 14. Be3 Qd8
15. e5 Ng4 16. exd6 Bf6 17. Bf4 Bd7 18. h3 e5 19. Bg3 Nh6 20. Nxe5 Nxe5 21.
Bxe5 Bxe5 22. Qxe5 Rc8 23. Nc7 1-0

[Event "10. Open Internacional de Galapagar"]
[Site "Galapagar ESP"]
[Date "2009.07.20"]
[Round "3.15"]
[White "Salcedo Tornero, Pablo"]
[Black "Cuadrado Lopez, Francisco Javier"]
[Result "1-0"]
[WhiteElo "2163"]
[BlackElo "1937"]
[PlyCount "109"]
[EventDate "2009.07.18"]
[EventType "swiss"]
[EventRounds "9"]
[EventCountry "ESP"]
[Source "lmi"]
[SourceDate "2009.07.18"]

1. e4 e5 2. Nf3 d6 3. Bc4 Qf6 4. Nc3 c6 5. d4 h6 6. Be3 Ne7 7. Ne2 Ng6 8. Qd2
Nd7 9. O-O-O b5 10. Bb3 a5 11. a3 Be7 12. Ng3 Nh4 13. Nxh4 Qxh4 14. Nf5 Qf6 15.
f4 exf4 16. Bxf4 Nb6 17. Nxe7 Qxe7 18. Qc3 Bd7 19. Qg3 O-O-O 20. Bxd6 Qg5+ 21.
Qxg5 hxg5 22. Be7 Rde8 23. Bxg5 f6 24. Bf4 Rxe4 25. Bg3 Be6 26. Bxe6+ Rxe6 27.
Rhe1 Rhe8 28. Rxe6 Rxe6 29. Re1 Kd7 30. b3 Rxe1+ 31. Bxe1 a4 32. Bb4 Ke6 33.
Kd2 axb3 34. cxb3 g6 35. Kd3 Nd5 36. Bd2 Nb6 37. g3 Kd5 38. Bb4 Nd7 39. a4 bxa4
40. bxa4 Nb8 41. g4 Na6 42. Ba3 Nc7 43. a5 g5 44. Be7 Ke6 45. Bd8 Na6 46. Kc4
f5 47. gxf5+ Kxf5 48. d5 cxd5+ 49. Kxd5 g4 50. Kc4 Ke6 51. Kb5 Nb8 52. Bc7 Nd7
53. a6 Nf6 54. a7 Nd5 55. Kc6 1-0

[Event "10. Open Internacional de Galapagar"]
[Site "Galapagar ESP"]
[Date "2009.07.20"]
[Round "3.16"]
[White "Pascual Palomo, Lucia"]
[Black "Lopez Heras, Arturo"]
[Result "1-0"]
[WhiteElo "2116"]
[BlackElo "1931"]
[PlyCount "41"]
[EventDate "2009.07.18"]
[EventType "swiss"]
[EventRounds "9"]
[EventCountry "ESP"]
[Source "lmi"]
[SourceDate "2009.07.18"]

1. e4 e5 2. Nf3 Nc6 3. d4 exd4 4. Nxd4 Nf6 5. Nxc6 bxc6 6. e5 Qe7 7. Qe2 Nd5 8.
c4 Ba6 9. g3 O-O-O 10. Bg2 Re8 11. O-O Nb6 12. Re1 Bxc4 13. Qc2 Bd5 14. Bxd5
Nxd5 15. Qa4 Qc5 16. Nc3 Nxc3 17. bxc3 Rxe5 18. Qa6+ Kd8 19. Be3 Qa5 20. Qb7 c5
21. Bg5+ 1-0

[Event "10. Open Internacional de Galapagar"]
[Site "Galapagar ESP"]
[Date "2009.07.20"]
[Round "3.17"]
[White "Fernandez Blazquez, Diego"]
[Black "Ruiz Quevedo, Andres"]
[Result "1-0"]
[WhiteElo "2108"]
[BlackElo "1924"]
[PlyCount "101"]
[EventDate "2009.07.18"]
[EventType "swiss"]
[EventRounds "9"]
[EventCountry "ESP"]
[Source "lmi"]
[SourceDate "2009.07.18"]

1. d4 Nf6 2. c4 c5 3. d5 e5 4. Nc3 d6 5. e4 g6 6. Be2 Bg7 7. Be3 a6 8. h3 Nbd7
9. Nf3 O-O 10. g4 Rb8 11. Nd2 Ne8 12. Qc2 Nc7 13. O-O-O b5 14. Rdg1 bxc4 15.
Nxc4 Nb6 16. h4 Nxc4 17. Bxc4 Rb4 18. Be2 Nb5 19. Nxb5 axb5 20. a3 Rd4 21. Bxb5
Qa5 22. Bxd4 exd4 23. Qd3 Be5 24. Kb1 Kh8 25. h5 g5 26. f3 h6 27. Rg2 f6 28. a4
Rf7 29. b3 Bf4 30. Rd1 Ra7 31. Rc2 Be3 32. Qc4 Rc7 33. b4 Qb6 34. bxc5 dxc5 35.
Rb2 Qd6 36. Bc6 Bf4 37. Rb5 Be3 38. Qxc5 Qg3 39. Qf8+ Kh7 40. Qxf6 Bf4 41. Qg6+
Kh8 42. Qxh6+ Kg8 43. Qg6+ Kh8 44. Rb3 Bxg4 45. Rb8+ Bc8 46. Qf6+ Kh7 47. Be8
Be5 48. Qg6+ Kh8 49. Bf7 Bg7 50. h6 Rxf7 51. Rxc8+ 1-0